| 000 | 00358nam a22001451a 4500 | ||
|---|---|---|---|
| 082 |
_aH 808.1 _bASH/P |
||
| 100 | _aAshok K Shah | ||
| 245 |
_aPaaschatya kavyashastra/ _cby Ashok K Shah |
||
| 260 |
_aMathura: _bJawahar Pustakalaya, _c1999. |
||
| 300 | _a112p. | ||
| 650 | _aPoetics Hindi | ||
| 650 | _aLiterature Hindi | ||
| 650 | _aLiterature | ||
| 942 | _cBK | ||
| 999 |
_c32934 _d32934 |
||